000 00401nam a2200181Ia 4500
001 328
005 20260306140509.0
008 260306t1999||||xx |||||||||||||| ||spa||
041 _aESP
082 _a101
_bM26 1999
100 _aMaritain, Jacques
_eAUT
245 0 _aIntroducción a la filosofía
260 _c1999
300 _a
_c
650 _aGEN
654 _aCHU
942 _cLIB
_dJUS
_fJUS
_2ddc
_n
999 _c328
_d328